000 00330nam a22001337a 4500
020 _a0596526741
082 _222
_a005.133
100 _aChromatic, Conway Damian and Poc, Curtis.
245 _aPerl hacks /
250 _a1st.
260 _aCalfornia,
_bO'Reilly,
_cc2006.
300 _axx, 273p. ;
_bill. ;
_c23 cm.
942 _2ddc
_cIT
999 _c1850
_d1850